Handbook of data processing for libraries. -(2nd. ed.) (Record no. 45259)
[ view plain ]
| 000 -LEADER | |
|---|---|
| fixed length control field | 00782nam a2200217 a 4500 |
| 008 - FIXED-LENGTH DATA ELEMENTS--GENERAL INFORMATION | |
| fixed length control field | 120416s1974 ||||||||||||||||| || u |
| 020 ## - INTERNATIONAL STANDARD BOOK NUMBER | |
| International Standard Book Number | 0471364835 |
| 050 ## - LIBRARY OF CONGRESS CALL NUMBER | |
| Classification number | Z 678.9 HAY |
| 100 ## - MAIN ENTRY--PERSONAL NAME | |
| Personal name | Hayes, Robert Mayo, 1926- |
| 245 10 - TITLE STATEMENT | |
| Title | Handbook of data processing for libraries. -(2nd. ed.) |
| 250 ## - EDITION STATEMENT | |
| Edition statement | 2nd. ed. |
| 260 ## - PUBLICATION, DISTRIBUTION, ETC. | |
| Place of publication, distribution, etc. | Los Angeles |
| Name of publisher, distributor, etc. | Melville |
| Date of publication, distribution, etc. | 1970[1974] |
| 300 ## - PHYSICAL DESCRIPTION | |
| Extent | xvi, 688p. : ill. |
| 350 ## - PRICE (NR) (BK AM CF MU VM SE) [OBSOLETE] | |
| Price | 0.00 |
| 490 ## - SERIES STATEMENT | |
| Series statement | Information sciences series |
| 650 ## - SUBJECT ADDED ENTRY--TOPICAL TERM | |
| Topical term or geographic name entry element | LIBRARY SCIENCE--DATA PROCESSING |
| 650 ## - SUBJECT ADDED ENTRY--TOPICAL TERM | |
| Topical term or geographic name entry element | LIBRARIES--HANDBOOKS, MANUALS, ETC |
| 650 ## - SUBJECT ADDED ENTRY--TOPICAL TERM | |
| Topical term or geographic name entry element | Libraries - Automation |
| 700 ## - ADDED ENTRY--PERSONAL NAME | |
| Personal name | Becker, Joseph |
| 995 ## - RECOMMENDATION 995 [LOCAL, UNIMARC FRANCE] | |
| -- | 0.00 |
| -- | CBU-MAIN LIBRARY (Kitwe) |
| -- | 1 |
| -- | 11.90 |
| -- | 1 |
| -- | AVAILABLE |
| -- | Annex Low-Usage Collection |
| Withdrawn status | Lost status | Source of classification or shelving scheme | Damaged status | Not for loan | Home library | Current library | Shelving location | Date acquired | Total Checkouts | Full call number | Barcode | Date last seen | Price effective from | Koha item type |
|---|---|---|---|---|---|---|---|---|---|---|---|---|---|---|
| CBU-MAIN LIBRARY, KITWE. | CBU-MAIN LIBRARY, KITWE. | 11/30/2022 | Z 678.9 HAY | 017505 | 11/30/2022 | 11/30/2022 | MONOGRAPH |